Score 0/24 Timer 08:00
2 Plays Today
% Correct
Hit the Road
Jack Nicholson
85.9%
Hey Jude Law
80.3%
Johnny Depp
B. Goode
77.9%
You Can Call Me
Al Pacino
68.7%
Major Tom Hanks
(Coming Home)
66.2%
Leaving, on a
Jet Li Plane
65.9%
I'm Henry Fonda
the VIII, I Am
64.3%
Michael Douglas
Row the Boat Ashore
62.2%
It Will Smith Rain
58.4%
Billy Crystal,
Don't Be a Hero
52.8%
Chuck Norris
E's in Love
52.2%
What's the Frequency,
Kenneth Branagh?
52.1%
% Correct
Fly Robin Williams
Fly
51.9%
Sweet Baby
James Franco
51.1%
Hey Joe Pesci
49.5%
You Don't Mess Around
With Jim Carrey
49.2%
Charlie Sheen
Brown
45.5%
Jimmy Smits
Mack
45.3%
Abraham, Martin
Lawrence and John
41.6%
Danny DeVito's
Song
41.3%
Big Bad
John Cusack
41.1%
Don't Mess with
Bill Murray
37.1%
Jackie Chan Blue
36.3%
Cousin Kevin Hart
28.1%
Remove Ads.
Support Sporcle.
Get the best of Sporcle when you Go Orange. This ad-free experience offers more features, more stats, and more fun while also helping to support Sporcle. Thank you for becoming a member.

You're not logged in!

Compare scores with friends on all Sporcle quizzes.
OR
Log In

Show Comments

Extras

Top Quizzes Today


Score Distribution

Your Account Isn't Verified!

In order to create a playlist on Sporcle, you need to verify the email address you used during registration. Go to your Sporcle Settings to finish the process.

Report this User

Report this user for behavior that violates our Community Guidelines.

Details: